United Nations peacekeeping 1946-1967 : (Record no. 8967)
[ view plain ]
| 000 -LEADER | |
|---|---|
| fixed length control field | 01404nam a2200325 a 4500 |
| 001 - CONTROL NUMBER | |
| JCCL Control Number | 8967 |
| 003 - CONTROL NUMBER IDENTIFIER | |
| JCCL marc code | BD - JhCC |
| 005 - DATE AND TIME OF LATEST TRANSACTION | |
| control field | 20180529125053.0 |
| 008 - FIXED-LENGTH DATA ELEMENTS--GENERAL INFORMATION | |
| fixed length control field | 110330s1970 enk fo| 001 0 eng|d |
| 020 ## - INTERNATIONAL STANDARD BOOK NUMBER | |
| International Standard Book Number | 9780191682322 (ebook) : |
| 020 ## - INTERNATIONAL STANDARD BOOK NUMBER | |
| International Standard Book Number | 0191682322 (ebook) : |
| 035 ## - SYSTEM CONTROL NUMBER | |
| system control number | (BD - JhCC)8967 |
| 040 ## - CATALOGING SOURCE | |
| Original cataloging agency | StDuBDS |
| Transcribing agency | StDuBDS |
| Modifying agency | BD-JhCC |
| 041 ## - LANGUAGE CODE | |
| Language code of Book | eng |
| 050 #4 - LIBRARY OF CONGRESS CALL NUMBER | |
| Classification number | KZ3225.H54 |
| 082 04 - DEWEY DECIMAL CLASSIFICATION NUMBER | |
| Classification number | 341 |
| DDC Edition number | 23 |
| Author mark and Year | HIG 2009 |
| 100 1# - MAIN ENTRY--PERSONAL NAME | |
| Personal name | Higgins, Rosalyn. |
| 245 10 - TITLE STATEMENT | |
| Title | United Nations peacekeeping 1946-1967 : |
| Remainder of title | documents and commentary / |
| Statement of responsibility, etc | Rosalyn Higgins. |
| 260 ## - PUBLICATION, DISTRIBUTION, ETC. (IMPRINT) | |
| Place of publication, distribution, etc | Oxford : |
| Name of publisher, distributor, etc | Oxford University Press, |
| Date of publication, distribution, etc | 2009. |
| 300 ## - PHYSICAL DESCRIPTION | |
| Pagination | 1 online resource (lxxxv, 1421 p.) |
| 504 ## - BIBLIOGRAPHY, ETC. NOTE | |
| Bibliography, etc | Includes bibliographical references and index. |
| 520 8# - SUMMARY, ETC. | |
| Summary, etc | As President of the International Court of Justice, Rosalyn Higgins is the world's most senior judge. This two-volume set collects together all of her most important writings as a scholar, a member of the UN Human Rights Committee, and as a judge on the International Court of Justice. |
| 550 ## - ISSUING BODY NOTE | |
| Issuing body note | Issued as part of Oxford scholarship online. |
| 650 #0 - SUBJECT ADDED ENTRY--TOPICAL TERM | |
| Topical term or geographic name as entry element | International law. |
| 776 08 - ADDITIONAL PHYSICAL FORM ENTRY | |
| Display text | Print version: |
| Main entry heading | Higgins, Rosalyn. |
| Title | Themes and theories |
| Place, publisher, and date of publication | Oxford : Oxford University Press, 2009 |
| International Standard Book Number | 9780198262350 |
| 830 #0 - SERIES ADDED ENTRY--UNIFORM TITLE | |
| Uniform title | Oxford scholarship online. |
| 856 40 - ELECTRONIC LOCATION AND ACCESS | |
| Uniform Resource Identifier | http://dx.doi.org/10.1093/acprof:oso/9780198262350.001.0001 |
| 942 ## - ADDED ENTRY ELEMENTS (KOHA) | |
| Source of classification or shelving scheme | Dewey Decimal Classification |
| Koha item type | Books |
| Source of classification or shelving scheme | Damaged status | Not for loan | Home library | Current library | Shelving location | Date of accession | Total Checkouts | Full call number | Barcode | Date last seen | Copy number | Koha item type |
|---|---|---|---|---|---|---|---|---|---|---|---|---|
| Dewey Decimal Classification | JCC Rouf Library | JCC Rouf Library | General Stacks | 03/06/2018 | 341 HIG 2009 | 11958 | 03/06/2018 | C-1 | Books |